|
|
|
|
| LEADER |
01421nam a2200385 a 4500 |
| 001 |
000423316 |
| 003 |
CZ BrMZK |
| 005 |
20201104130206.0 |
| 007 |
ta |
| 008 |
990315s1999 xr g 0 cze d |
| 015 |
|
|
|a cnb000699983
|
| 020 |
|
|
|a 80-238-2630-1
|
| 035 |
|
|
|a (OCoLC)42820911
|
| 040 |
|
|
|a BOA001
|b cze
|
| 041 |
1 |
|
|a cze
|a eng
|a ger
|
| 043 |
|
|
|a e-xr---
|b e-xr-cc
|2 czenas
|
| 072 |
|
7 |
|a 908(437)
|x Vlastivěda Česka a Slovenska
|2 Konspekt
|9 8
|
| 080 |
|
|
|a 908(437.31-16)
|2 MRF
|
| 080 |
|
|
|a (084.11)
|2 MRF
|
| 080 |
|
|
|a (084.12)
|2 MRF
|
| 100 |
1 |
|
|a Holan, Oldřich
|7 jn20001005439
|4 aut
|
| 245 |
1 |
0 |
|a České středohoří štětcem a objektivem /
|c [text a foto Oldřich Holan]
|
| 246 |
3 |
1 |
|a <<The >>Bohemian Central highlands as seen trough artist's eyes
|
| 246 |
3 |
1 |
|a Böhmisches Mittelgebirge in Gemälden und Fotografien
|
| 250 |
|
|
|a 1. vyd.
|
| 260 |
|
|
|a Děčín :
|b Foto-grafika,
|c 1999
|
| 300 |
|
|
|a 1 nestránkovaný svazek :
|b barev. il. ;
|c 17 x 23 cm
|
| 500 |
|
|
|a Souběž. náz. angl., něm.
|
| 651 |
|
7 |
|a České středohoří (Česko)
|7 ge131705
|x vlastivěda
|2 czenas
|
| 655 |
|
7 |
|a obrazové publikace
|7 fd132947
|2 czenas
|
| 655 |
|
7 |
|a fotografické publikace
|7 fd132276
|2 czenas
|
| 910 |
|
|
|a BOA001
|b 2-1060.612
|
| 964 |
|
|
|a České středohoří
|x publikace obrazové
|
| 990 |
|
|
|a BK
|
| 996 |
6 |
|
|b 2610094813
|c 2-1060.612
|l MZK
|r Sklad / do 1 hodiny
|n 0
|p p.v.
|w 000423316
|u 000010
|a 1
|e BOA001
|j MZK50
|s P
|